Statistics for Quiz Flag Of Pacific Community

Click here to take the quiz!

General Stats

  • This quiz has been taken 5 times
  • The average score is 21 of 26

Answer Stats

Answer% Correct
American Samoa
100%
Australia
100%
Cook Islands
100%
Fiji
100%
Kiribati
100%
United States Of America
100%
France
80%
French Polynesia
80%
Guam
80%
Marshall Islands
80%
Micronesia
80%
Nauru
80%
New Caledonia
80%
New Zealand
80%
Niue
80%
Northern Mariana Islands
80%
Palau
80%
Papua New Guinea
80%
Samoa
80%
Solomon Islands
80%
Tonga
80%
Tuvalu
80%
Vanuatu
80%
Pitcairn Islands
60%
Tokelau
60%
Wallis and Futuna
60%

Score Distribution

Percentile by Number Answered

Percent of People with Each Score

Your Score History

You have not taken this quiz